Logistika obslužných procesov II.

Bibliographic Details
Main Author: Spišák, Ján (Author)
Format: Book
Language:Slovak
PhysicalDescription:87 s. fotogr., sch., tab. 29 cm
Published: V Košiciach Technická univerzita 2006
ISBN:8080735026
Edition:1. vyd.
Subjects:

MARC

LEADER 00000nam a2200000 a 4500
001 vtls008691364
003 SK-MaSNL
005 20260301205501.0
008 240315s2006 xo ol d p 000 0 slo
015 |a SNBA2006/04-02048 
020 |a 8080735026  |q (brož.) 
035 |a 3AD003CF-A621-443C-9BC4-A54BE14BEADD 
035 |a urn:nbn:sk:snk-em004cw3 
035 |a urn:nbn:sk:snk-emtdat 
040 |a SNK  |b slo  |c SNK  |e AACR2 
041 0 |a slo 
044 |a xo  |c SK 
072 7 |a 005  |x Manažment. Riadenie  |2 konspekt 
080 |a 658.5  |2 2001 
080 |a (075.8)  |2 2001 
080 |a 005.51  |2 2001 
100 1 |a Spišák, Ján  |4 aut  |9 9384 
245 1 0 |a Logistika obslužných procesov  |c Ján Spišák  |n II. 
250 |a 1. vyd. 
260 |a V Košiciach  |b Technická univerzita  |c 2006 
300 |a 87 s.  |b fotogr., sch., tab.  |c 29 cm 
366 |e 50 výtl. 
504 |a Bibliogr. odkazy 
650 0 7 |a logistika (manažment)  |2 SNKPH  |9 3620 
650 0 7 |a manažment výroby  |2 SNKPH  |9 933 
655 7 |a učebnice vysokých škôl  |2 SNKPH  |9 70191 
919 |a 80-8073-502-6 
958 |a OND 
999 |c 910267  |d 912197 
952 |a SNK  |b SNK  |y PREZ  |7 0  |p 17A0506101  |o snkSB 71420/2  |i snk2006/7797  |8 0  |0 0  |1 0  |4 0  |d 2006-04-18  |l 0  |r 2025-04-23 00:00:00  |w 2026-02-24 
952 |a SNK  |b SNK  |y VYP  |7 0  |p 17A0506102  |o snkSB 71420/2 D1  |i snk2006/7798  |8 0  |0 0  |1 0  |4 0  |d 2006-04-18  |l 0  |r 2016-06-30 00:00:00  |w 2026-02-24